| 000 | 00586nam a2200205Ii 4500 | ||
|---|---|---|---|
| 003 | JO-AjNU | ||
| 008 | 230605s9999||||xx |||||||||||||| ||und|| | ||
| 017 | _a1997/3/381 | ||
| 040 |
_aJO-AjNU _bara _erda _cJO-AjNU |
||
| 041 | _aara | ||
| 050 | 1 | 4 | _aPJ7860 1997 |
| 100 | 3 |
_aتأليف عبابنة، محمد خليفة, _eauthor _949348 |
|
| 245 | 0 | 0 | _aفنجان راكان |
| 264 | 3 | 1 | _aد.ن |
| 300 | _a61ص | ||
| 336 |
_atext _btxt _2rdacontent |
||
| 337 |
_aunmediated _bn _2rdamedia |
||
| 338 |
_avolume _bnc _2rdacarrier |
||
| 650 | 4 |
_aالأدب العربي - قصص _949349 |
|
| 999 |
_aA21669 _c25237 _d25237 |
||